Statistics for Oxford Dictionaries Top 1000 English Words - 47 Start with E

Click here to take the quiz!

General Stats

  • This quiz has been taken 3,693 times
  • The average score is 16 of 47

Answer Stats

E% Correct
Ever
87%
End
81%
Even
78%
Every
78%
Eat
77%
Each
68%
Enter
68%
Eye
62%
Easy
60%
Everyone
56%
Event
55%
Everything
48%
Early
45%
Effort
45%
Effect
44%
Either
43%
Else
38%
Eight
37%
Explain
30%
Enough
29%
Example
29%
Exist
29%
Education
27%
Effective
26%
Element
26%
Expect
26%
Energy
25%
Exactly
23%
Exercise
23%
Experience
23%
Extend
22%
Enjoy
21%
Entire
21%
Election
20%
Estimate
20%
Express
18%
Ensure
15%
Economy
14%
Email
14%
Economic
13%
Especially
13%
Establish
13%
Evidence
13%
Employee
12%
Encourage
11%
Executive
10%
Environment
9%

Score Distribution

Percentile by Number Answered

Percent of People with Each Score

Your Score History

You have not taken this quiz